<?xml version="1.0" encoding="UTF-8"?>
<record
    xmlns:xsi="http://www.w3.org/2001/XMLSchema-instance"
    xsi:schemaLocation="http://www.loc.gov/MARC21/slim http://www.loc.gov/standards/marcxml/schema/MARC21slim.xsd"
    xmlns="http://www.loc.gov/MARC21/slim">

  <leader>02054nam a22002417a 4500</leader>
  <datafield tag="952" ind1=" " ind2=" ">
    <subfield code="0">0</subfield>
    <subfield code="1">0</subfield>
    <subfield code="4">0</subfield>
    <subfield code="7">0</subfield>
    <subfield code="a">23</subfield>
    <subfield code="b">23</subfield>
    <subfield code="d">2018-11-12</subfield>
    <subfield code="l">1</subfield>
    <subfield code="o">RD99 N38 2005</subfield>
    <subfield code="p">23 002218</subfield>
    <subfield code="r">2023-09-22</subfield>
    <subfield code="s">2023-09-12</subfield>
    <subfield code="t">1</subfield>
    <subfield code="w">2018-11-12</subfield>
    <subfield code="y">LB</subfield>
  </datafield>
  <datafield tag="952" ind1=" " ind2=" ">
    <subfield code="0">0</subfield>
    <subfield code="1">0</subfield>
    <subfield code="4">0</subfield>
    <subfield code="7">0</subfield>
    <subfield code="a">23</subfield>
    <subfield code="b">23</subfield>
    <subfield code="d">2018-11-12</subfield>
    <subfield code="l">0</subfield>
    <subfield code="o">RD99 N38 2005</subfield>
    <subfield code="p">23 002219</subfield>
    <subfield code="r">2018-11-12</subfield>
    <subfield code="t">2</subfield>
    <subfield code="w">2018-11-12</subfield>
    <subfield code="y">LB</subfield>
  </datafield>
  <datafield tag="952" ind1=" " ind2=" ">
    <subfield code="0">0</subfield>
    <subfield code="1">0</subfield>
    <subfield code="4">0</subfield>
    <subfield code="7">0</subfield>
    <subfield code="a">23</subfield>
    <subfield code="b">23</subfield>
    <subfield code="d">2018-11-12</subfield>
    <subfield code="l">2</subfield>
    <subfield code="m">2</subfield>
    <subfield code="o">RD99 N38 2005</subfield>
    <subfield code="p">23 002220</subfield>
    <subfield code="r">2024-08-06</subfield>
    <subfield code="s">2023-09-08</subfield>
    <subfield code="t">3</subfield>
    <subfield code="w">2018-11-12</subfield>
    <subfield code="y">LB</subfield>
  </datafield>
  <datafield tag="952" ind1=" " ind2=" ">
    <subfield code="0">0</subfield>
    <subfield code="1">2</subfield>
    <subfield code="2">lcc</subfield>
    <subfield code="4">0</subfield>
    <subfield code="7">0</subfield>
    <subfield code="a">23</subfield>
    <subfield code="b">23</subfield>
    <subfield code="d">2018-11-12</subfield>
    <subfield code="l">1</subfield>
    <subfield code="m">1</subfield>
    <subfield code="o">RD99 N38 2005</subfield>
    <subfield code="p">23 002221</subfield>
    <subfield code="r">2020-03-24</subfield>
    <subfield code="s">2020-03-24</subfield>
    <subfield code="t">4</subfield>
    <subfield code="w">2018-11-12</subfield>
    <subfield code="y">LB</subfield>
  </datafield>
  <datafield tag="952" ind1=" " ind2=" ">
    <subfield code="0">0</subfield>
    <subfield code="1">0</subfield>
    <subfield code="4">0</subfield>
    <subfield code="7">0</subfield>
    <subfield code="a">23</subfield>
    <subfield code="b">23</subfield>
    <subfield code="d">2018-11-12</subfield>
    <subfield code="l">1</subfield>
    <subfield code="o">RD99 N38 2005</subfield>
    <subfield code="p">23 002222</subfield>
    <subfield code="r">2020-03-20</subfield>
    <subfield code="s">2020-03-13</subfield>
    <subfield code="t">5</subfield>
    <subfield code="w">2018-11-12</subfield>
    <subfield code="y">LB</subfield>
  </datafield>
  <datafield tag="952" ind1=" " ind2=" ">
    <subfield code="0">0</subfield>
    <subfield code="1">0</subfield>
    <subfield code="4">0</subfield>
    <subfield code="7">0</subfield>
    <subfield code="a">23</subfield>
    <subfield code="b">23</subfield>
    <subfield code="d">2018-11-12</subfield>
    <subfield code="l">3</subfield>
    <subfield code="m">1</subfield>
    <subfield code="o">RD99 N38 2005</subfield>
    <subfield code="p">23 002223</subfield>
    <subfield code="r">2023-02-01</subfield>
    <subfield code="s">2023-01-26</subfield>
    <subfield code="t">6</subfield>
    <subfield code="w">2018-11-12</subfield>
    <subfield code="y">LB</subfield>
  </datafield>
  <datafield tag="952" ind1=" " ind2=" ">
    <subfield code="0">0</subfield>
    <subfield code="1">0</subfield>
    <subfield code="4">0</subfield>
    <subfield code="7">0</subfield>
    <subfield code="a">23</subfield>
    <subfield code="b">23</subfield>
    <subfield code="d">2018-11-12</subfield>
    <subfield code="l">1</subfield>
    <subfield code="m">2</subfield>
    <subfield code="o">RD99 N38 2005</subfield>
    <subfield code="p">23 002224</subfield>
    <subfield code="r">2024-09-27</subfield>
    <subfield code="s">2024-09-21</subfield>
    <subfield code="t">7</subfield>
    <subfield code="w">2018-11-12</subfield>
    <subfield code="y">LB</subfield>
  </datafield>
  <datafield tag="952" ind1=" " ind2=" ">
    <subfield code="0">0</subfield>
    <subfield code="1">0</subfield>
    <subfield code="4">0</subfield>
    <subfield code="7">0</subfield>
    <subfield code="a">23</subfield>
    <subfield code="b">23</subfield>
    <subfield code="d">2018-11-12</subfield>
    <subfield code="l">0</subfield>
    <subfield code="o">RD99 N38 2005</subfield>
    <subfield code="p">23 002225</subfield>
    <subfield code="r">2018-11-12</subfield>
    <subfield code="t">8</subfield>
    <subfield code="w">2018-11-12</subfield>
    <subfield code="y">LB</subfield>
  </datafield>
  <datafield tag="952" ind1=" " ind2=" ">
    <subfield code="0">0</subfield>
    <subfield code="1">0</subfield>
    <subfield code="4">0</subfield>
    <subfield code="7">0</subfield>
    <subfield code="a">23</subfield>
    <subfield code="b">23</subfield>
    <subfield code="d">2018-11-12</subfield>
    <subfield code="l">1</subfield>
    <subfield code="o">RD99 N38 2005</subfield>
    <subfield code="p">23 002226</subfield>
    <subfield code="r">2019-07-30</subfield>
    <subfield code="s">2019-07-22</subfield>
    <subfield code="t">9</subfield>
    <subfield code="w">2018-11-12</subfield>
    <subfield code="y">LB</subfield>
  </datafield>
  <datafield tag="999" ind1=" " ind2=" ">
    <subfield code="c">103618</subfield>
    <subfield code="d">103618</subfield>
  </datafield>
  <controlfield tag="008">181112s2005    sp  |||| |||| 001 0 spa d</controlfield>
  <datafield tag="020" ind1=" " ind2=" ">
    <subfield code="a">8445814664</subfield>
  </datafield>
  <datafield tag="050" ind1=" " ind2="4">
    <subfield code="a">RD99</subfield>
    <subfield code="b">N38 2005</subfield>
  </datafield>
  <datafield tag="100" ind1=" " ind2=" ">
    <subfield code="a">Navarro G&#xF3;mez, Victoria</subfield>
    <subfield code="e">autor</subfield>
  </datafield>
  <datafield tag="245" ind1="1" ind2="0">
    <subfield code="a">Enfermer&#xED;a m&#xE9;dico-quir&#xFA;rgica</subfield>
    <subfield code="b">: necesidad de comunicaci&#xF3;n y seguridad</subfield>
    <subfield code="c">/ Victoria Navarro G&#xF3;mez, Gloria Novel Mart&#xED;</subfield>
  </datafield>
  <datafield tag="250" ind1=" " ind2=" ">
    <subfield code="a">2a. edici&#xF3;n</subfield>
  </datafield>
  <datafield tag="260" ind1="3" ind2=" ">
    <subfield code="a">Barcelona</subfield>
    <subfield code="a">Espa&#xF1;a</subfield>
    <subfield code="b">: Masson</subfield>
    <subfield code="c">, 2005</subfield>
  </datafield>
  <datafield tag="300" ind1=" " ind2=" ">
    <subfield code="a">xix, 221 p&#xE1;ginas</subfield>
  </datafield>
  <datafield tag="490" ind1="0" ind2=" ">
    <subfield code="a">Master de enfermer&#xED;a</subfield>
  </datafield>
  <datafield tag="500" ind1=" " ind2=" ">
    <subfield code="a">Incluye  sistema de evaluaci&#xF3;n (pp. 203-216)
Incluye &#xED;ndice  alfab&#xE9;tico de materias (pp. 217-221)</subfield>
  </datafield>
  <datafield tag="504" ind1=" " ind2=" ">
    <subfield code="a">Incluye bibliograf&#xED;a al final de cada cap&#xED;tulo</subfield>
  </datafield>
  <datafield tag="505" ind1="1" ind2=" ">
    <subfield code="a">La comunicaci&#xF3;n y la seguridad como necesidades fundamentales de la persona. Conceptos introductorios
La comunicaci&#xF3;n como necesidad fundamental de la persona
Cuidados enfermeros a las personas con trastornos auditivos
Principales alteraciones del o&#xED;do
Plan de cuidados estandarizado para las personas con d&#xE9;ficit auditivo
Cuidados enfermeros a las personas con trastornos del aparato ocular
Principales alteraciones de los ojos
Plan de cuidados estandarizados para las personas con d&#xE9;ficit visual
Necesidad de seguridad
Cuidados enfermeros a las personas que sufren quemaduras
Plan de cuidados estandarizado para las personas que sufren quemaduras
Generalidades acerca de las intoxicaciones
Conceptos te&#xF3;ricos b&#xE1;sicos de inmunolog&#xED;a
Principales alteraciones inmunol&#xF3;gicas
Plan de cuidados estandarizados para las personas con d&#xE9;ficit inmunitario
Cuidados enfermeros a las personas con s&#xED;ndrome de inmunodeficiencia adquirida</subfield>
  </datafield>
  <datafield tag="519" ind1=" " ind2=" ">
    <subfield code="a">Plan UNAM 3er semestre / </subfield>
    <subfield code="b">Enfermer&#xED;a / </subfield>
    <subfield code="c">Enfermer&#xED;a cl&#xED;nica (1310) / </subfield>
    <subfield code="d">(23 002218, 23 002219, 23 002220, 23 002221, 23 002222, 23 002223, 23 002224, 23 002225, 23 002226)</subfield>
  </datafield>
  <datafield tag="650" ind1="1" ind2="4">
    <subfield code="a">MANUALES DE ENFERMER&#xCD;A</subfield>
  </datafield>
  <datafield tag="700" ind1="1" ind2=" ">
    <subfield code="a">Novel Mart&#xED;, Gloria</subfield>
    <subfield code="e">autor</subfield>
  </datafield>
  <datafield tag="942" ind1=" " ind2=" ">
    <subfield code="c">LB</subfield>
  </datafield>
</record>
